Detalles MARC
| 000 -CABECERA |
| campo de control de longitud fija |
00879nam a2200217 a 4500 |
| 001 - NÚMERO DE CONTROL |
| campo de control |
000043101 |
| 005 - FECHA Y HORA DE LA ÚLTIMA TRANSACCIÓN |
| campo de control |
20201002040635.0 |
| 008 - DATOS DE LONGITUD FIJA--INFORMACIÓN GENERAL |
| campo de control de longitud fija |
140219s2011 sp ac 000 0 spa d |
| 020 ## - NÚMERO INTERNACIONAL ESTÁNDAR DEL LIBRO |
| Número Internacional Estándar del Libro |
9788497816526 |
| 040 ## - FUENTE DE LA CATALOGACIÓN |
| Centro catalogador/agencia de origen |
DO-SdBNP |
| Lengua de catalogación |
spa |
| Centro/agencia transcriptor |
BNPHU |
| 100 1# - ENTRADA PRINCIPAL--NOMBRE DE PERSONA |
| Nombre de persona |
Gorrochategui Santos, Luis |
| Fechas asociadas al nombre |
1960- |
| 9 (RLIN) |
70625 |
| 245 10 - MENCIÓN DE TÍTULO |
| Título |
Contra Armada : |
| Resto del título |
la mayor catátrofe naval de la historia de Inglaterra / |
| Mención de responsabilidad, etc. |
Luis Gorrochategui Santos ; prólogo José Cervera Pery. |
| 260 ## - PUBLICACIÓN, DISTRIBUCIÓN, ETC. |
| Lugar de publicación, distribución, etc. |
[s.l.] : |
| Nombre del editor, distribuidor, etc. |
Ministerio de Defensa, |
| Fecha de publicación, distribución, etc. |
2011. |
| 300 ## - DESCRIPCIÓN FÍSICA |
| Extensión |
433 p. : |
| Otras características físicas |
il., retrs. ; |
| Dimensiones |
24 cm. |
| 500 ## - NOTA GENERAL |
| Nota general |
Incluye índice |
| 504 ## - NOTA DE BIBLIOGRAFÍA, ETC. |
| Nota de bibliografía, etc. |
Bibliografía : p. 429-433 |
| 500 ## - NOTA GENERAL |
| Nota general |
Incluye datos biográficos del autor en la solapa de la cubierta |
| 504 ## - NOTA DE BIBLIOGRAFÍA, ETC. |
| Nota de bibliografía, etc. |
Incluye referencias bibliográficas y notas al pie de las páginas |
| 700 1# - PUNTO DE ACCESO ADICIONAL--NOMBRE DE PERSONA |
| Nombre de persona |
Cervera Pery, José |
| Término indicativo de función/relación |
pról. |
| 9 (RLIN) |
70626 |
| 710 2# - PUNTO DE ACCESO ADICIONAL--NOMBRE DE ENTIDAD CORPORATIVA |
| Nombre de entidad corporativa o nombre de jurisdicción como elemento de entrada |
España |
| Unidad subordinada |
Ministerio de Defensa |
| 9 (RLIN) |
70627 |